000 00254nam a22001097a 4500
082 _a332
100 _aPhysics Wallah Pub.
_983332
245 _aSBI PO Prelims & Mains 2025
260 _aPhysics Wallah Pub.
650 _aBank po
_983333
942 _cC. BOOKS
999 _c68204
_d68204